Metallurgy in ancient Ecuador : a study of the collection of archaeological metallurgy of the Ministry of Culture, Ecuador /

Metallurgical activity was present in Ecuador from at least 1500 BC; by around the beginning of the Common Era metallurgical manufacture and use had extended to most of the Costa and Sierra. Regional styles soon evolved giving rise to high levels of technical craftsmanship and to shaping particular...

وصف كامل

محفوظ في:

المؤلف الرئيسي: Lleras Pérez, Roberto (مؤلف)

التنسيق: كتاب الكتروني

اللغة: English

منشور في: Oxford : Archaeopress Publishing Ltd, [2015]

سلاسل: Archaeopress preColumbian archaeology ; 5.

الموضوعات:

الوصول للمادة أونلاين: Login to view Source

الوسوم: إضافة وسم

لا توجد وسوم, كن أول من يضع وسما على هذه التسجيلة!

رقم الطلب: F3701 .L54 2015

LEADER 02309nam a2200433 i 4500
001 EDZ0001353181
003 StDuBDS
005 20230412181605.0
006 m|||||o||d||||||||
007 cr |||||||||||
008 160314t20152015enka fob 000|0|eng|d
020 |a 9781784911614 (PDF ebook) :  |c No price 
040 |a StDuBDS  |b eng  |c StDuBDS  |e rda  |e pn 
050 4 |a F3701  |b .L54 2015 
082 0 4 |a 986.601  |2 23 
100 1 |a Lleras Pérez, Roberto,  |e author. 
245 1 0 |a Metallurgy in ancient Ecuador :  |b a study of the collection of archaeological metallurgy of the Ministry of Culture, Ecuador /  |c Roberto Lleras Pérez. 
264 1 |a Oxford :  |b Archaeopress Publishing Ltd,  |c [2015] 
264 4 |c ©2015 
300 |a 1 online resource :  |b illustrations (colour). 
336 |a text  |2 rdacontent 
336 |a still image  |2 rdacontent 
337 |a computer  |2 rdamedia 
338 |a online resource  |2 rdacarrier 
490 1 |a Archaeopress preColumbian archaeology ;  |v 5 
504 |a Includes bibliographical references. 
520 8 |a Metallurgical activity was present in Ecuador from at least 1500 BC; by around the beginning of the Common Era metallurgical manufacture and use had extended to most of the Costa and Sierra. Regional styles soon evolved giving rise to high levels of technical craftsmanship and to shaping particular iconographic and decorative patterns. Copper, gold, silver and platinum were mined, processed and converted into thousands of ornaments, offerings, tools and weapons extensively used both by elites and by the common people. This work discusses this topic. 
521 |a Specialized. 
588 |a Description based on online resource; title from home page (viewed on March 14, 2016). 
610 1 0 |a Ecuador.  |b Ministerio de Cultura  |x Archaeological collections. 
650 0 |a Indian metal-work  |z Ecuador  |x History  |y To 1500. 
650 0 |a Metallurgy  |z Ecuador  |x History  |y To 1500. 
651 0 |a Ecuador  |x Antiquities. 
776 0 8 |i Print version :  |z 9781784911607 
830 0 |a Archaeopress preColumbian archaeology ;  |v 5. 
856 4 0 |3 Archaeopress  |u http://library.arce.org:8087/Archaeopress/Products/9781784911607 
942 |2 lcc  |c EBOOK 
952 |0 0  |1 0  |4 0  |6 F3701  |7 1  |9 46077  |a ARCH  |b ARCH  |d 2023-04-12  |l 0  |o F3701  |r 2023-04-12 00:00:00  |w 2023-04-12  |y EBOOK 
999 |c 51735  |d 51735